Statistics for American Candy by Alternate Definition

Click here to take the quiz!

General Stats

  • This quiz has been taken 17,913 times
  • The average score is 11 of 20

Answer Stats

HintCandy% Correct
Our galaxyMilky Way
92%
DorksNerds
77%
Smallest ones of the litterRunts
69%
Intelligent onesSmarties
69%
Derisive chucklesSnickers
68%
1/10th of a million dollars100 Grand
65%
Athos, Porthos, and Aramis3 Musketeers
62%
Dairy Unexploded BombsMilk Duds
62%
Soda pebblesPop Rocks
62%
Margarine phalangeButterfinger
61%
Infant Bader-GinsburgBaby Ruth
60%
Every other Friday, for somePayday
60%
Jam abdomensJelly Bellies
51%
"Have a short break", to a movie directorTake 5
50%
Nut blissAlmond Joy
40%
Scandinavian ichthyoidsSwedish Fish
40%
Saks department store locale5th Avenue
37%
Fairy branchesPixie Stix
30%
Nuclear ball of flameAtomic Fireball
21%
Jovial cowhandJolly Rancher
16%

Score Distribution

Percentile by Number Answered

Percent of People with Each Score

Your Score History

You have not taken this quiz